000 01038nam a2200301 i 4500
001 000044111
003 DO-SdBNP
005 20240717143015.0
007 ta
008 140516s2000 sp 000 0 spa d
020 _a8474265029
040 _aDO-SdBNP
_bspa
_cBNPHU
_erda
082 4 _222
245 0 0 _aDiccionario de Acción Humanitaria y Cooperación al Desarrollo /
_cJoana Abrisketa, Alfonso Dubois, Marlen Eizaguirre, Felipe Gómez Isa, Irantzu Mendia ; director, Karlos Pérez de Armiño.
264 _aBarcelona :
_bIcaria,
_c2000.
300 _a627 páginas :
_bilustraciones ;
_c25 cm.
336 _2rdacontent
_atexto
_btxt
337 _2rdamedia
_asin mediación
_bn
338 _2rdacarrier
_avolumen
_bnc
590 _aInventariado, 2024/BT
700 1 2 _aAbrisketa, Joana
_972108
700 1 2 _aDubois, Alfonso
_986115
700 1 2 _aEizaguirre, Marle
_986116
700 1 2 _aGómez Isa, Felipe
_986117
700 1 2 _aMendia, Irantzu
_986118
700 1 2 _aPérez Armiño, Karlos de,
_edirector
_972109
942 _2ddc
_cLBS1
999 _c43600
_d43600